000 00640nam a2200229Ia 4500
003 OSt
005 20220926004736.0
006 a|||||r|||| 00| 0
007 ta
008 220923b |||||||| |||| 00| 0 eng d
037 _cGeneral Book
040 _aRTL
_cRTL
_beng
041 _2eng
_aeng
082 _aY31:7:7.2.N7, L8
100 _aPaul S
_9138329
245 0 _aRural poverty
_b The Cancer and the cure
260 _a New Delhi
_bSagar Publications
_c1978
300 _axix, 140p
_ccm.
650 _aCommunity Development
942 _hY31:7:7.2.N7, L8
_cGB
_2CC
999 _c612135
_d612135